L' affinité élective entre social-darwinisme et libéralisme: l'exemple des Etats-Unis à la fin du XIXe siècle
Se expone la utilización del término "anifidad electiva" en el siglo XIX en la corriente sociológica norteamericana. Se expresa el origen de este concepto y cómo es utilizado por pensadores como Goethe y Max Weber, así mismo, se identifica la herencia de esta utilización en la corriente so...
Gespeichert in:
| Format: | Text |
|---|---|
| Schlagworte: | |
| Tags: |
Tag hinzufügen
Keine Tags, Fügen Sie den ersten Tag hinzu!
|
MARC
| LEADER | 00000 a a2200000 04500 | ||
|---|---|---|---|
| 001 | 13998 | ||
| 003 | |||
| 040 | |||
| 245 | |a L' affinité élective entre social-darwinisme et libéralisme: |b l'exemple des Etats-Unis à la fin du XIXe siècle | ||
| 520 | |a Se expone la utilización del término "anifidad electiva" en el siglo XIX en la corriente sociológica norteamericana. Se expresa el origen de este concepto y cómo es utilizado por pensadores como Goethe y Max Weber, así mismo, se identifica la herencia de esta utilización en la corriente social Darwiniana en relación a liberalismo | ||
| 650 | |a TEORIA | ||
| 650 | |a LIBERALISMO | ||
| 650 | |a DOCTRINAS ECONOMICAS | ||
| 773 | |g número 4; páginas 63-70 | ||
| 999 | |c 27545 |d 27545 | ||
